Central Library OPAC University of Rajshahi

Averroes : Tahafut al Tahafut (The Incoherence of the Incoherence) / (Record no. 81040)

MARC details
000 -LEADER
fixed length control field 00708naa a2200241 a 4500
001 - CONTROL NUMBER
control field 81040
003 - CONTROL NUMBER IDENTIFIER
rucl marc code BD-RjUL
005 - DATE AND TIME OF LATEST TRANSACTION
control field 20230110151223.0
008 - FIXED-LENGTH DATA ELEMENTS--GENERAL INFORMATION
fixed length control field 230110s1954 |||||||| |||| 00| 0 eng d
035 ## - SYSTEM CONTROL NUMBER
System control number (BD-RjUL)81040
040 ## - CATALOGING SOURCE
Original cataloging agency BD-RjUL
Language of cataloging eng
Transcribing agency BD-RjUL
041 ## - LANGUAGE CODE
Language code of text/sound track or separate title eng
082 ## - DEWEY DECIMAL CLASSIFICATION NUMBER
Edition number 23
Classification number 892.7
Author mark and year BEA
100 ## - MAIN ENTRY--PERSONAL NAME
Personal name Bergh, Simon Van den
9 (RLIN) 6498
245 10 - TITLE STATEMENT
Title Averroes : Tahafut al Tahafut (The Incoherence of the Incoherence) /
Statement of responsibility, etc. Simon Van den Bergh
300 ## - PHYSICAL DESCRIPTION
Pagination V. ;
Size 23 cm
490 ## - SERIES STATEMENT
Series statement Gibb Memorial Trust Arabic Studies
500 ## - GENERAL NOTE
General note Includes Index
505 ## - FORMATTED CONTENTS NOTE
Formatted contents note Vol . 1,---
650 ## - SUBJECT ADDED ENTRY--TOPICAL TERM
Topical term or geographic name as entry element Arabic literature Translations into English
9 (RLIN) 6499
Topical term or geographic name as entry element Arabic literature
942 ## - ADDED ENTRY ELEMENTS (KOHA)
Source of classification or shelving scheme Dewey Decimal Classification
Koha item type Books
Holdings
Lost status Source of classification or shelving scheme Damaged status Not for loan Collection code Permanent Location Current Location Shelving location Date acquired Source of acquisition Total Checkouts Full call number Date last seen Copy number Koha item type
  Dewey Decimal Classification   Not For Loan Non-fiction Central Library, University of Rajshahi Central Library, University of Rajshahi Reading Room 22/01/1964 Zeitlinger   892.7 BEA V-1 1954 10/01/2023 C-1 Books
  Dewey Decimal Classification   Not For Loan Non-fiction Central Library, University of Rajshahi Central Library, University of Rajshahi Reading Room 24/01/1964 Zeitlinger   892.7 BEA V-2 1954 11/01/2023 C-1 Books